|
|
|
|
| LEADER |
00000nam a2200000 a 4500 |
| 001 |
vtls001221261 |
| 003 |
SK-MaSNL |
| 005 |
20260301234126.0 |
| 008 |
240318s1996 xo ap r yy slo |
| 015 |
|
|
|a SNBA1997/0300807
|
| 020 |
|
|
|a 8088823242
|
| 035 |
|
|
|a SNK000166394
|
| 035 |
|
|
|a urn:nbn:sk:snk-amyhy6
|
| 035 |
|
|
|a urn:nbn:sk:snk-am00ckmn
|
| 035 |
|
|
|a DD8AF84F-4EE1-42D6-9415-EE56B0DF7626
|
| 040 |
|
|
|a SNK
|b slo
|c SNK
|e AACR2
|
| 041 |
0 |
|
|a slo
|
| 044 |
|
|
|a xo
|c SK
|
| 080 |
|
|
|a 628.3(035)
|2 1981
|
| 100 |
1 |
|
|a Žilinčík, Miroslav
|4 aut
|9 8971
|
| 245 |
1 |
0 |
|a Odpadové vody a ich čistenie
|c Miroslav Žilinčík
|
| 260 |
|
|
|a Bratislava
|b Energetický inštitút SEI-EA
|c 1996
|
| 300 |
|
|
|a 214 s.
|b Sch., tab.
|c 30 cm
|
| 504 |
|
|
|a Bibliogr. s. 213-214
|
| 650 |
0 |
7 |
|a odpadové vody
|2 SNK
|9 66096
|
| 655 |
|
7 |
|a príručky
|2 SNK
|9 74364
|
| 919 |
|
|
|a 80-88823-24-2
|
| 958 |
|
|
|a TL
|
| 958 |
|
|
|a NB
|
| 999 |
|
|
|c 968995
|d 970925
|
| 952 |
|
|
|t P60, <09>, [BOOK], {629}
|a SNK
|b SNK
|y NEVYP
|7 0
|o snkB 1128
|i snk3927/961030
|0 0
|1 0
|4 0
|d 1996-10-02
|l 0
|r 2005-01-01 00:00:00
|w 2026-02-24
|
| 952 |
|
|
|t P60, <03>, [BOOK], {603}
|a SNK
|b SNK
|y PREZ
|7 0
|p 17A0028363
|o snkSB 56309
|i snkKSP 132/97
|0 0
|1 0
|4 0
|d 1997-01-13
|f 1
|l 0
|r 2025-04-02 00:00:00
|w 2026-02-24
|